000 00523nam a22001817a 4500
005 20240108161554.0
008 190528b xxu||||| |||| 00| 0 eng d
020 _a978-93-86700-35-3
041 _aeng
082 _a612
_bPRA-P
100 _aPRASAD, DR MAHESH JHA DR. ANTESH KUMAR AND SRIVASTAV , RITESH KUMAR
_98321
245 _aA PRACTICAL BOOK OF HUMAN ANATOMY AND PHYSIOLOGY - I
250 _a4th ED. 2019
260 _aPUNE
_bNIRALI PRAKASHAN
300 _a15.2 p,
650 _aPHARMACY
_xB.PHARMA
942 _cBK
999 _c5890
_d5888